Fußballer des Jahres (Deutschland) - Statistiken

Allgemein
  • Dieses Quiz wurde 85 mal gespielt
  • Das Durchschnittsergebnis liegt bei 19 aus 66
Antwortstatistiken
Jahr Verein Nationalität Spieler % Korrekt
2024 Real Madrid Deutschland Toni Kroos
97%
2025 Bayer Leverkusen Deutschland Florian Wirtz
94%
2021 Bayern München Polen Robert Lewandowski
94%
2023 Manchester City Deutschland İlkay Gündoğan
91%
2020 Bayern München Polen Robert Lewandowski
91%
2018 Real Madrid Deutschland Toni Kroos
86%
2019 Borussia Dortmund Deutschland Marco Reus
83%
2022 RB Leipzig Frankreich Christopher Nkunku
77%
2015 VfL Wolfsburg Belgien Kevin De Bruyne
70%
2014 Bayern München Deutschland Manuel Neuer
64%
2012 Borussia Mönchengladbach Deutschland Marco Reus
61%
2010 Bayern München Niederlande Arjen Robben
59%
2008 Bayern München Frankreich Franck Ribéry
55%
2007 VfB Stuttgart Deutschland Mario Gómez
52%
2009 VfL Wolfsburg Brasilien Grafite
49%
2011 FC Schalke 04 Deutschland Manuel Neuer
49%
2017 Bayern München Deutschland Philipp Lahm
48%
2013 Bayern München Deutschland Bastian Schweinsteiger
46%
2004 Werder Bremen Brasilien Aílton
43%
2006 Werder Bremen Deutschland Miroslav Klose
38%
2016 Bayern München Deutschland Jérôme Boateng
36%
1996 Borussia Dortmund Deutschland Matthias Sammer
32%
1995 Borussia Dortmund Deutschland Matthias Sammer
32%
2002 Bayer Leverkusen Deutschland Michael Ballack
30%
2005 Bayern München Deutschland Michael Ballack
26%
2003 Bayern München Deutschland Michael Ballack
26%
1998 Udinese Calcio Deutschland Oliver Bierhoff
26%
2001 Bayern München Deutschland Oliver Kahn
25%
2000 Bayern München Deutschland Oliver Kahn
25%
1999 Bayern München Deutschland Lothar Matthäus
22%
1994 AS Monaco Deutschland Jürgen Klinsmann
20%
1997 Borussia Dortmund Deutschland Jürgen Kohler
20%
1993 1. FC Nürnberg Deutschland Andreas Köpke
14%
1990 Bayern München Deutschland Lothar Matthäus
14%
1974 Bayern München Deutschland Franz Beckenbauer
12%
1988 VfB Stuttgart Deutschland Jürgen Klinsmann
10%
1980 Bayern München Deutschland Karl-Heinz Rummenigge
10%
1991 1. FC Kaiserlautern Deutschland Stefan Kuntz
10%
1976 Bayern München Deutschland Franz Beckenbauer
9%
1973 Borussia Mönchengladbach Deutschland Günter Netzer
9%
1972 Borussia Mönchengladbach Deutschland Günter Netzer
9%
1969 Bayern München Deutschland Gerd Müller
7%
1985 Hellas Verona Deutschland Hans-Peter Briegel
7%
1983 Werder Bremen Deutschland Rudi Völler
7%
1992 AS Rom Deutschland Thomas Häßler
7%
1989 1. FC Köln Deutschland Thomas Häßler
7%
1987 Borussia Mönchengladbach Deutschland Uwe Rahn
7%
1970 HSV Deutschland Uwe Seeler
7%
1979 Borussia Mönchengladbach Deutschland Berti Vogts
6%
1968 Bayern München Deutschland Franz Beckenbauer
6%
1966 Bayern München Deutschland Franz Beckenbauer
6%
1960 HSV Deutschland Uwe Seeler
6%
1971 Borussia Mönchengladbach Deutschland Berti Vogts
4%
1967 Bayern München Deutschland Gerd Müller
4%
1981 Bayern München Deutschland Paul Breitner
4%
1986 1. FC Köln Deutschland Toni Schumacher
4%
1984 1. FC Köln Deutschland Toni Schumacher
4%
1982 VfB Stuttgart Deutschland Karlheinz Förster
3%
1961 1. FC Nürnberg Deutschland Max Morlock
3%
1977 Bayern München Deutschland Sepp Maier
3%
1975 Bayern München Deutschland Sepp Maier
3%
1964 HSV Deutschland Uwe Seeler
3%
1963 1. FC Köln Deutschland Hans Schäfer
1%
1965 Borussia Dortmund Deutschland Hans Tilkowski
1%
1962 1. FC Köln Deutschland Karl-Heinz Schnellinger
1%
1978 Bayern München Deutschland Sepp Maier
1%
Keine übereinstimmenden Quizze gefunden
Verteilung der Resultate
Anzahl Personen mit jedem Resultat
Perzentil nach korrekt beantworteten Fragen
Ihre Resultats-Entwicklung
Sie haben dieses Quiz noch nicht gespielt